Tu žijú milionári

Bibliographic Details
Main Author: Frišová, Marta (Author)
Format: Article
Language:Slovak
PhysicalDescription:Fotogr. 4
Subjects:

MARC

LEADER 00000nab a2200000 a 4500
001 vtls000603166
003 SK-MaSNL
005 20260304220822.0
008 160401c1996 xo 0 slo
015 |a SNBRB19rr/mm-uuuuu 
035 |a CL0603305 
040 |a SNKBUCL  |b slo  |c SNKBUCL  |e AACR2 
041 0 |a slo 
044 |a xo  |c SK 
080 |a 397  |2 1981 
100 1 |a Frišová, Marta  |4 aut  |9 838401 
245 1 0 |a Tu žijú milionári  |c Marta Frišová 
300 |b Fotogr. 4 
650 0 7 |a Rómovia  |2 snkbucl  |9 1702 
650 0 7 |a Voľa  |2 snkbucl  |9 19968 
655 7 |a články z novín a časopisov  |2 snkbucl  |9 267496 
773 0 |t Mosty  |g Roč. 5, č. 42 (1996), s. 4-5 
850 |a Slovenská národná knižnica v Martine  |a MTA001 
852 |a SNK  |b KIS3GCP 
958 |a RK 
958 |a RBX 
999 |c 3154433  |d 3156363